Angel Fernández Alba

-д хадгалсан:
Номзүйн дэлгэрэнгүй
Үндсэн зохиолч: Moleón, Pedro (autor)
Формат: Ном
Хэл сонгох:испани
Хэвлэсэн: Madrid Fundación Argentaria 1995
Madrid Tf 1995
Цуврал:Artistas Españoles Contemporáneos. Arquitectura
Нөхцлүүд:
Шошгууд: Шошго нэмэх
Шошго байхгүй, Энэхүү баримтыг шошголох эхний хүн болох!

MARC

LEADER 00000nam a2200000 a 4500
001 UCL8728
003 CL-VaPUC
008 040702e19950000sp |||||||||||||||||spa|d
020 |a 848916200X 
082 0 4 |a 720.946  |b MOL  |2 21 
100 |a Moleón, Pedro  |e autor  |9 486700 
245 1 0 |a Angel Fernández Alba 
300 |a 117 p 
942 |c BK 
945 |d 20040702 00:00:00  |a cmena 
260 |a Madrid  |b Fundación Argentaria  |c 1995 
260 |a Madrid  |b Tf  |c 1995 
600 0 7 |a FERNANDEZ ALBA, ANGEL  |2 CL-VaPUC  |9 486701 
650 0 |a Arquitectura contemporánea  |9 367350 
650 0 |a Arquitectura española  |9 341294 
650 0 |a Arquitectos españoles  |9 350193 
583 |a last modification  |c 20171011 01:17:08  |k Rodrigo Vera 
490 0 |a Artistas Españoles Contemporáneos. Arquitectura 
999 |c 309899  |d 309897 
952 |0 0  |1 0  |4 0  |6 720_946000000000000_MOL_1995_1995  |7 0  |8 A  |9 377758  |a BIBARQ  |b BIBARQ  |d 2019-11-21  |i 4022300  |l 1  |o 720.946 MOL 1995 1995  |p 4022300  |r 2025-01-20  |s 2023-05-09  |w 2019-11-21  |y BK  |k ARQ